[Event "Tunja Boyacense op"]
[Site "Tunja"]
[Date "2018.12.15"]
[Round "5"]
[White "Largo Chaparro, Sofia Alejandra"]
[Black "Millan Castano, Hector Salvador"]
[Result "1-0"]
[WhiteElo "1544"]
[BlackElo "1578"]
[PlyCount "46"]
[EventDate "2018.12.13"]
[EventType "swiss"]
[EventRounds "7"]
[EventCountry "COL"]
[SourceTitle "CBM 187 Extra"]
[Source "ChessBase"]
[SourceDate "2018.11.04"]
[SourceVersion "1"]
[SourceVersionDate "2018.11.04"]
[SourceQuality "1"]

1. d4 d5 2. Bf4 Nf6 3. e3 e6 4. c3 Bd6 5. Bg3 Ne4 6. Nd2 Nxg3 7. hxg3 Nc6 8. Ngf3 e5 9. dxe5 Nxe5 10. Nxe5 Bxe5 11. Nf3 Bf6 12. Bd3 h6 13. 0-0 Bg4 14. Bc2 c6 15. e4 d4 16. cxd4 Bxf3 17. gxf3 Bxd4 18. Rb1 Bb6 19. Qxd8+ Rxd8 20. Rbd1 Ke7 21. Kg2 Rxd1 22. Rxd1 Rd8 23. Rxd8 Kxd8 1-0